000 10103cam a2201969 a 4500
999 _c56343
001 12030200
003 LIBRIS
005 20210308122122.0
008 101105s2011 sw a||||||||||001 0|swe|c
020 _a9789113029603
_qinb.
035 _a(Bo)479003
040 _aLGEN
_dS
_ea
041 _aswe
082 0 4 _a582.16
_222/swe
084 _aUfaa
_2kssb/8
100 1 _aKvant, Christel,
_d1948-
_4aut
_0https://libris.kb.se/pm1493g75674n4b#it
245 1 0 _aTrädets tid /
_cChristel Kvant ; [illustrationer: Viktor Kvant].
264 1 _aStockholm :
_bNorstedt,
_c2011
264 3 _aSlovenien
300 _a159 s.
_bill.
_c25 cm
500 _5Li
_aPliktex.
541 _5E
650 7 _aEtnobotanik
_0https://id.kb.se/term/sao/Etnobotanik
_2sao
650 7 _aFolktro
_0https://id.kb.se/term/sao/Folktro
_2sao
650 7 _aFolkseder
_0https://id.kb.se/term/sao/Folkseder
_2sao
650 7 _aTräd
_xhistoria
_2sao
650 7 _aTräd
_xhistoria
_xreligiösa aspekter
_2sao
650 7 _atrees
_2agrovoc
650 7 _aanthropology
_2agrovoc
650 0 _aManners and customs
650 0 _aFolklore ; Superstition
650 0 _aEthnobotany
653 _aTräd
653 _aFolktro
887 _a{"@id":"bvnp56jn1lxz6rl","modified":"2018-04-23T16:57:57+02:00","checksum":"35943295128"}
_2librisxl
887 _a{"@id":"gls2z9fm22v319c","modified":"2011-05-27T10:35:46+02:00","checksum":"52951945521"}
_2librisxl
887 _a{"@id":"djqdjqjk4vgg9g3","modified":"2014-08-25T11:40:06+02:00","checksum":"24302744459"}
_2librisxl
887 _a{"@id":"djrnfs2k0cj5rjc","modified":"2016-01-25T12:17:48+01:00","checksum":"52490057447"}
_2librisxl
887 _a{"@id":"glsfvl9m1nx33j7","modified":"2014-04-01T11:52:43+02:00","checksum":"34636719137"}
_2librisxl
887 _a{"@id":"9fmvl8xg46448rn","modified":"2011-04-04T10:05:34+02:00","checksum":"-5580209914"}
_2librisxl
887 _a{"@id":"kpx1bbmq36fm7wn","modified":"2016-11-28T12:04:29+01:00","checksum":"51262537302"}
_2librisxl
887 _a{"@id":"48gnr6890l5g6q9","modified":"2011-11-22T16:05:12+01:00","checksum":"7143011308"}
_2librisxl
887 _a{"@id":"gls0f5nm4ws8ws9","modified":"2013-08-16T15:30:13+02:00","checksum":"54800110004"}
_2librisxl
887 _a{"@id":"n14mnwgrl6r2tw3m","modified":"2020-12-17T11:16:26.59+01:00","checksum":"49912529793"}
_2librisxl
887 _a{"@id":"rw3h1jtx1z6zfbb","modified":"2012-04-03T10:08:54+02:00","checksum":"68655945524"}
_2librisxl
887 _a{"@id":"37fpzr082h3lthp","modified":"2011-06-13T17:36:55+02:00","checksum":"-15245616956"}
_2librisxl
887 _a{"@id":"bgnwb44h1kcmp60","modified":"2016-03-07T10:14:10+01:00","checksum":"-6730249457"}
_2librisxl
887 _a{"@id":"6bjsfqpc3lg3wgk","modified":"2011-05-16T16:48:36+02:00","checksum":"-9338739193"}
_2librisxl
887 _a{"@id":"48gs86s940kcq2f","modified":"2012-01-30T15:21:08+01:00","checksum":"1251592230"}
_2librisxl
887 _a{"@id":"48gp28290lx64bg","modified":"2011-05-04T16:29:04+02:00","checksum":"668026053"}
_2librisxl
887 _a{"@id":"lqx5v4gr16wr3qp","modified":"2011-04-07T09:35:31+02:00","checksum":"50709754989"}
_2librisxl
887 _a{"@id":"rw3hcwzx3kc2k8p","modified":"2018-01-31T13:10:34+01:00","checksum":"2630922889"}
_2librisxl
887 _a{"@id":"8dlzf5lf5mqd045","modified":"2012-01-16T15:31:21+01:00","checksum":"30656939539"}
_2librisxl
887 _a{"@id":"15ck0q0640gnklx","modified":"2011-03-21T12:13:46+01:00","checksum":"67908706317"}
_2librisxl
887 _a{"@id":"48gslkk93590h35","modified":"2011-11-08T16:15:29+01:00","checksum":"-3915102498"}
_2librisxl
887 _a{"@id":"ns07bfrt3b06jv6","modified":"2011-04-20T09:22:50+02:00","checksum":"-12324435069"}
_2librisxl
887 _a{"@id":"kpw70lxq5s1cd11","modified":"2012-09-19T08:44:56+02:00","checksum":"15252308832"}
_2librisxl
887 _a{"@id":"w17gnz725k0tcfq","modified":"2011-05-04T08:49:36+02:00","checksum":"-4824956534"}
_2librisxl
887 _a{"@id":"jnwp73wp4pkpp3q","modified":"2015-06-22T10:43:03+02:00","checksum":"59824344336"}
_2librisxl
887 _a{"@id":"jnv67xcp14wb4pn","modified":"2018-01-08T12:14:00+01:00","checksum":"-14337937569"}
_2librisxl
887 _a{"@id":"bgnwn3wh27822l6","modified":"2011-04-06T08:28:45+02:00","checksum":"-8410337914"}
_2librisxl
887 _a{"@id":"9fmvkxrg4b1q92w","modified":"2016-10-17T10:24:36+02:00","checksum":"25612574514"}
_2librisxl
887 _a{"@id":"lqx9th4r0mjrtc8","modified":"2012-01-24T18:07:05+01:00","checksum":"52832078784"}
_2librisxl
887 _a{"@id":"04bnl5s508wbskc","modified":"2012-10-10T11:47:17+02:00","checksum":"-14174606486"}
_2librisxl
887 _a{"@id":"mrz5flts4q61d1z","modified":"2011-03-16T10:02:56+01:00","checksum":"53404155853"}
_2librisxl
887 _a{"@id":"59hp0xmb3z28zn6","modified":"2011-03-16T15:20:09+01:00","checksum":"34899013295"}
_2librisxl
887 _a{"@id":"fkr3vh7l3mppmf7","modified":"2013-07-25T10:01:00+02:00","checksum":"24819779170"}
_2librisxl
887 _a{"@id":"59hr2n9b0sjdtft","modified":"2017-03-15T11:45:41+01:00","checksum":"19415909549"}
_2librisxl
887 _a{"@id":"djqzt7zk18dks6r","modified":"2011-04-09T11:25:39+02:00","checksum":"-20105809405"}
_2librisxl
887 _a{"@id":"tz5h85d042jth08","modified":"2011-10-10T16:50:14+02:00","checksum":"-5796072368"}
_2librisxl
887 _a{"@id":"w17m3fm22027d9g","modified":"2012-04-02T08:27:19+02:00","checksum":"-5610920850"}
_2librisxl
887 _a{"@id":"hmt1gdkn3745b1g","modified":"2013-12-12T15:54:23+01:00","checksum":"-8472869310"}
_2librisxl
887 _a{"@id":"bgnx8tvh0xhvvs7","modified":"2013-07-31T11:15:14+02:00","checksum":"25019540326"}
_2librisxl
887 _a{"@id":"fkr0qdhl3p6hz3v","modified":"2011-04-04T10:33:25+02:00","checksum":"43296199637"}
_2librisxl
887 _a{"@id":"tz5m2vv01h4lmpg","modified":"2012-11-28T13:09:02+01:00","checksum":"-5882252766"}
_2librisxl
887 _a{"@id":"rw4xbmvx2751jhw","modified":"2015-06-08T14:08:28+02:00","checksum":"50927356608"}
_2librisxl
887 _a{"@id":"9fmwjnfg444g39g","modified":"2011-05-16T12:38:30+02:00","checksum":"33515962520"}
_2librisxl
942 _2z
_cBOOK